000 00318nam a2200133Ia 4500
008 191201s2009 xx 000 0 und d
082 _a621.3845
_bFEW
100 _aFEHER,Kamilo
245 0 _aWireless Digital Communications
260 _aN.Delhi
_bPHI
_c2009
300 _a524
650 _aB.Tech(ECE)
942 _2ddc
_cBK
999 _c974
_d974